| 000 | 01296nam a22002417a 4500 | ||
|---|---|---|---|
| 999 |
_c57312 _d57312 |
||
| 003 | Ge_BSU | ||
| 005 | 20210713123433.0 | ||
| 008 | 200519s2020ge xxu||||| |||| 00| 0 geo d | ||
| 020 | _a9789941821851 | ||
| 041 | _ageo | ||
| 080 | _a342.9(479.22)+352 ტ-92 | ||
| 100 |
_aტურავა, პაატა _98084 |
||
| 245 |
_aადმინისტრაციული წარმოება საჯარო სამსახურში / _cპაატა ტურავა, ანა ფირცხალაიშვილი, ეკატერინე ქარდავა. |
||
| 264 |
_aთბილისი : _bgiz, _c2020. |
||
| 300 |
_a220 გვ. ; _c25 სმ. |
||
| 653 | _aადმინისტრაციული წარმოება საჯარო სამსახურში | ||
| 653 | _aსამართალი | ||
| 653 | _aმმართველობი დონეები | ||
| 700 |
_aფირცხალაიშვილი, ანა _98085 _eავტორი |
||
| 700 |
_aქარდავა, ეკატერინე _98086 _eავტორი |
||
| 856 |
_uhttp://lawlibrary.info/ge/books/2020giz-ge-administraciuli-warmoeba.pdf _yელექტრონული ვერსია |
||
| 942 |
_2udc _cBK |
||